|
|
|
|
| LEADER |
00000nam0a2200000 4500 |
| 001 |
66565 |
| 005 |
20231031072434.0 |
| 035 |
|
|
|a (RuTPU)RU\TPU\book\70756
|
| 035 |
|
|
|a RU\TPU\book\70748
|
| 090 |
|
|
|a 66565
|
| 100 |
|
|
|a 20040826d1989 m y0rusy50 ca
|
| 101 |
0 |
|
|a rus
|
| 102 |
|
|
|a RU
|
| 105 |
|
|
|a a j 000zy
|
| 200 |
1 |
|
|a Черчение
|e учебник
|f С. К. Боголюбов
|
| 205 |
|
|
|a 2-е изд., испр.
|
| 210 |
|
|
|a Москва
|c Машиностроение
|d 1989
|
| 215 |
|
|
|a 336 с.
|c ил.
|
| 610 |
1 |
|
|a черчение
|
| 610 |
1 |
|
|a машиностроительное черчение
|
| 610 |
1 |
|
|a проецирование
|
| 610 |
1 |
|
|a чертежи
|
| 610 |
1 |
|
|a эскизы
|
| 610 |
1 |
|
|a детали
|
| 610 |
1 |
|
|a соединения
|
| 610 |
1 |
|
|a передачи
|
| 610 |
1 |
|
|a схемы
|
| 610 |
1 |
|
|a строительное черчение
|
| 610 |
1 |
|
|a чтение
|
| 610 |
1 |
|
|a деталирование
|
| 610 |
1 |
|
|a учебники
|
| 675 |
|
|
|a 744:621(075.8)
|v 3
|
| 700 |
|
1 |
|a Боголюбов
|b С. К.
|g Сергей Константинович
|
| 801 |
|
2 |
|a RU
|b 63413507
|c 20140221
|g PSBO
|
| 942 |
|
|
|c BK
|